000 00918nas a2200265 4500
001 BR2014007081
003 BR-BrBNA
005 20231205124715.0
007 ta
008 230509b bl.|||p| |||| 00| 00por d
040 _aBR-BrBNA
_bpor
_cBiblioteca Nacional de Agricultura
041 _a(Pt)
072 _aP32
100 1 _aBotelho, M.R.
100 1 _aPinto, L.F.S.
100 1 _aLima, A.C.R. de
100 1 _aNunes, M.R.
245 1 _aCaracterização e classificação de solos com horizontes subsuperficiais escuros derivados de rochas graníticas no escudo sul-rio-grandense
650 _aCLASSIFICAÇÃO DO SOLO
650 _aPEDOLOGIA
773 0 _tRevista Brasileira de Ciência do Solo (Brazil)
_xISSN 0100-0683
_g(Jul-Aug 2014), v. 38(4) p. 1066-1076
_wBR2014007081
856 4 0 _uhttp://www.scielo.br/pdf/rbcs/v38n4/03.pdf
909 _a202311
_bLúcia
_c55
_dLúcia Elande
942 _2AGRIS
_n0
_cANA
999 _c240483
_d240483